Končí sa doba plastová?
Slovensko chce prijať opatrenie voči používaniu jednorazových plastov. Plastové lyžičky sú na zozname výrobkov, ktorých predaj bude o dva roky zakázaný. Spolu s lyžičkami bude zákaz platiť aj pre plastové taniere, slamky, vatové tyčinky, paličky na balóny, jednorazové plastové nádoby a pod. Príprava...
Na minha lista:
| Autor principal: | |
|---|---|
| Formato: | Capítulo de Livro |
| Idioma: | eslovaco |
| Assuntos: | |
| Tags: |
Sem tags, seja o primeiro a adicionar uma tag!
|
MARC
| LEADER | 00000naa a2200000 4500 | ||
|---|---|---|---|
| 001 | 0256681 | ||
| 005 | 20200306130601.0 | ||
| 041 | 0 | |a slo | |
| 044 | |a CZ | ||
| 245 | 1 | 0 | |a Končí sa doba plastová? |c Tatiana Kapitánová |
| 520 | |a Slovensko chce prijať opatrenie voči používaniu jednorazových plastov. Plastové lyžičky sú na zozname výrobkov, ktorých predaj bude o dva roky zakázaný. Spolu s lyžičkami bude zákaz platiť aj pre plastové taniere, slamky, vatové tyčinky, paličky na balóny, jednorazové plastové nádoby a pod. Príprava slovenských obchodníkov na zmenu legislatívy a následné opatrenia. Otázka nájdenia vhodnej alternatívy. Porovnanie oxoplastov a bioplastov. | ||
| 610 | 2 | 0 | |a plasty |
| 610 | 2 | 0 | |a recyklácia odpadu |
| 610 | 2 | 0 | |a prostredie životné |
| 610 | 2 | 0 | |a legislatíva |
| 610 | 2 | 0 | |a ekológia |
| 100 | 1 | |a Kapitánová, Tatiana | |